Nihon shihon shugi hattatsushi gaisetsu,

Saved in:
Bibliographic Details
Main Author: Tsuchiya, Takao, 1896-
Other Authors: Okazaki, Saburō, 1907- (joint author.)
Format: Book
Language:Japanese
Published: Tōkyō, Yūhikaku, Shōwa 12 [1937]
Series:Tōa Keizai Chōsakyoku Nihon keizai kenkyū sōsho ; 2.
Subjects:
Tags: Add Tag
No Tags, Be the first to tag this record!
LEADER 01379cam a2200325 4500
001 007764344-5
005 20024617115958.0
008 900927s1937 ja 000 0 jpn
010 |a j 66002426 
035 0 |a ocm22442443 
040 |a DLC  |c WaU  |d *YNH*  |d CStRLIN 
050 0 |a HC462.7  |b .T73 
100 1 |6 880-01  |a Tsuchiya, Takao,  |d 1896- 
245 1 0 |6 880-02  |a Nihon shihon shugi hattatsushi gaisetsu,  |c Tsuchiya Takao, Okazaki Saburō cho. 
260 |6 880-03  |a Tōkyō,  |b Yūhikaku,  |c Shōwa 12 [1937] 
300 |a 2, 4, 5, 550, 4 p.  |c 23 cm. 
490 1 |6 880-04  |a Tōa Keizai Chōsakyoku Nihon keizai kenkyū sōsho ;  |v 2 
500 |6 880-05  |a In colophon: hensanjo Tōa Keizai Chōsakyoku. 
651 0 |a Japan  |x Economic conditions. 
700 1 |6 880-06  |a Okazaki, Saburō,  |d 1907-  |e joint author. 
880 1 |6 100-01  |a 土屋喬雄,  |d 1896- 
880 1 0 |6 245-02  |a 日本資本主義發達史槪說,  |c 土屋喬雄, 岡崎三郎著. 
880 |6 260-03  |a 東京,  |b 有斐閣,  |c 昭和12 [1937] 
880 1 |6 490-04  |a 東亞經濟調查局日本經濟研究叢書 ;  |v 2 
880 |6 500-05  |a In colophon: 編纂所東亞經濟調查局. 
880 1 |6 700-06  |a 岡崎三郎,  |d 1907-  |e joint author. 
830 0 |6 880-54  |a Tōa Keizai Chōsakyoku Nihon keizai kenkyū sōsho ;  |v 2. 
880 0 |6 830-54  |a 東亞經濟調查局日本經濟研究叢書 ;  |v 2. 
988 |a 20021214 
906 |0 DLC